000 00911nam a22002537a 4500
005 20170123162309.0
010 _aB-123637
020 _c200.00
035 _aB-123637
037 _bCen Lib/Ret
040 _aDPL
_bUR
082 _a841.08
_bم ص ح
245 _aشیخ غلام ہمدانی مصحفی :
_cمرتب نظیر احمد
_bتحیقی و تنقیدی جائزے /
246 _aShaikh Ghulam Humdani Mohsifi : tahqeeqi v tanqeedi jaeze /
_bedited by Nazeer Ahmad
260 _aدہلی
_bغالب انسٹیٹیوٹ
_c2005
270 _bدہلی
_aہونے غالب مرگ
_e110002
300 _a360p.
_c21cm(Hb)
650 _aاردو ادب
_9111609
650 _aاردو سوانح عمری
_9111610
650 _aUrdu literature
_9111611
650 _aUrdu biography
_9511
700 _aنظیر احمد
_9111612
942 _2ddc
_cUR
_h841.08
_mم ص ح
999 _c106428
_d106428